Marketing reproduction : (Record no. 4909)

MARC details
000 -LEADER
fixed length control field 00576 a2200169 4500
010 ## - LCCN (DPL NO)
LC control number ENG-86660
020 ## - INTERNATIONAL STANDARD BOOK NUMBER
Terms of availability 395.00
International Standard Book Number 8189013025
035 ## - SYSTEM CONTROL NUMBER
System control number EN-70193
037 ## - SOURCE OF ACQUISITION
Source of stock number/acquisition DBAD / PUB
082 14 - DEWEY DECIMAL CLASSIFICATION NUMBER
Classification number 363.9
100 1# - MAIN ENTRY--PERSONAL NAME
Personal name Simon-Kumar, Rachel
245 1# - TITLE STATEMENT
Title Marketing reproduction :
Statement of responsibility, etc by Rachel Simon-Kumar
Remainder of title political rhetoric and gender policy in India /
260 ## - PUBLICATION, DISTRIBUTION, ETC. (IMPRINT)
Place of publication, distribution, etc New Delhi
Name of publisher, distributor, etc Zubaan
Date of publication, distribution, etc 2006
270 ## - ADDRESS
Address K-92, Fierst Floor, Hauz Khas Enclave,
City New Delhi
Postal code 110 016
Electronic mail address zubaanwbooks@vsnl.net
300 ## - PHYSICAL DESCRIPTION
Extent vi, 268 p
Dimensions 23 cm (Hb)
942 ## - ADDED ENTRY ELEMENTS (KOHA)
Institution code [OBSOLETE] dpl
Item type English Books
Source of classification or shelving scheme Dewey Decimal Classification
Classification part 363.9
Call number suffix SIM
Holdings
Withdrawn status Lost status Not for loan Collection code Home library Current library Source of acquisition Cost, normal purchase price Full call number Barcode Copy number Cost, replacement price Koha item type
    Not For Loan Non-fiction D.B.Act.Division D.B.Act.Division DBAD/PUB 395.00 363.9 SIM EN-70193 1 395.00 English Books

© Delhi Public Library
Hit Counter
free hit counter